[Event "Ì15Â"]
[Site "Loo"]
[Date "2017.04.27"]
[Round "8.11"]
[White "Ïåðîâ, Ãåðìàí."]
[Black "Ðåìèçîâ, ßðîñëàâ."]
[Result "0-1"]
[WhiteElo "1944"]
[BlackElo "2218"]
[PlyCount "96"]
[EventDate "2017.04.20"]

1. e4 c5 2. Nf3 Nc6 3. d4 cxd4 4. Nxd4 Nf6 5. Nc3 e5 6. Nb3 Bb4 7. Bc4 d6 8.
O-O Bxc3 9. bxc3 O-O 10. f3 Be6 11. Bxe6 fxe6 12. c4 Qb6+ 13. Kh1 Rad8 14. Qe2
Nd4 15. Qd3 Nxb3 16. cxb3 Qd4 17. Qxd4 exd4 18. Rd1 e5 19. Bg5 h6 20. Bxf6 gxf6
21. g4 Kf7 22. Kg2 Ke6 23. Kf2 Rb8 24. a4 Rh8 25. Rac1 a6 26. b4 Rh7 27. Rd2
Rc7 28. Rdc2 Rbc8 29. Ke2 b5 30. Kd3 bxc4+ 31. Rxc4 Rxc4 32. Rxc4 Rb8 33. h4 h5
34. gxh5 Kd7 35. h6 Rh8 36. b5 axb5 37. axb5 Rxh6 38. b6 Rxh4 39. Rc7+ Kd8 40.
Rg7 Kc8 41. Rf7 Rf4 42. Kc4 Rxf3 43. b7+ Kb8 44. Kb5 Ka7 45. Kc6 Rc3+ 46. Kxd6
d3 47. Kd7 Rc4 48. Ke6 Rd4 0-1

[Event "Ì15Â"]
[Site "Loo"]
[Date "2017.04.27"]
[Round "8.12"]
[White "Øîáîåâ, Äàíäàð."]
[Black "Áåäåíêî, Íèêèòà."]
[Result "1-0"]
[WhiteElo "2110"]
[BlackElo "1966"]
[PlyCount "88"]
[EventDate "2017.04.20"]

1. d4 d5 2. c4 e6 3. Nf3 Nf6 4. g3 c6 5. Bg2 Nbd7 6. O-O Bd6 7. Nc3 O-O 8. Nd2
Bc7 9. e4 dxc4 10. Nxc4 e5 11. d5 Nb6 12. Ne3 cxd5 13. exd5 a6 14. b3 Bd6 15.
Bb2 Bd7 16. Qd3 Re8 17. Rfd1 Rc8 18. Rac1 Qe7 19. a4 e4 20. Qd2 Bb4 21. Qe2 Rc5
22. Rd4 Bxc3 23. Rxc3 Rxc3 24. Bxc3 Rc8 25. Qd2 Qc5 26. Bb2 Re8 27. b4 Qc8 28.
a5 Na4 29. Rc4 Qd8 30. Bxf6 Qxf6 31. Bxe4 b5 32. Rd4 Qd6 33. h4 g6 34. Bf3 f5
35. Ng2 Rc8 36. h5 Rc4 37. hxg6 hxg6 38. Ne3 Rc3 39. Bd1 Rc8 40. Rh4 Nc3 41.
Qd4 Kf7 42. Rh7+ Ke8 43. Qh8+ Qf8 44. Qe5+ Kd8 1-0

[Event "Ì15Â"]
[Site "Loo"]
[Date "2017.04.27"]
[Round "8.13"]
[White "Çåìíèöêèé, Àëåêñàíäð."]
[Black "Áðåñêàíó, Íèêèòà."]
[Result "1-0"]
[WhiteElo "2010"]
[BlackElo "2044"]
[PlyCount "91"]
[EventDate "2017.04.20"]

1. e4 c5 2. Nf3 a6 3. c4 Nc6 4. d4 cxd4 5. Nxd4 Qc7 6. Be2 e6 7. O-O Nf6 8. Nc3
Nxd4 9. Qxd4 Bc5 10. Qd3 O-O 11. Bg5 Be7 12. f4 d6 13. Qg3 b6 14. e5 Ne8 15.
Bd3 Bxg5 16. Qxg5 h6 17. Qg3 Bb7 18. Rad1 Rd8 19. f5 exf5 20. Bxf5 dxe5 21.
Rxd8 Qxd8 22. Qxe5 Qd6 23. Re1 Qxe5 24. Rxe5 Nd6 25. Bd3 Rc8 26. Re7 Bc6 27.
Nd5 Kf8 28. Ra7 Bxd5 29. cxd5 a5 30. Rd7 Nc4 31. Bxc4 Rxc4 32. d6 f6 33. Rb7
Rd4 34. Rxb6 Ke8 35. h3 Kd7 36. Rb7+ Kxd6 37. Rxg7 Rb4 38. b3 a4 39. Rg4 Rxg4
40. hxg4 a3 41. Kf2 Ke5 42. Ke3 Kd5 43. g3 Ke5 44. b4 f5 45. gxf5 Kxf5 46. Kd4
1-0

[Event "Ì15Â"]
[Site "Loo"]
[Date "2017.04.27"]
[Round "8.14"]
[White "Êàçüìèí, Ñåìåí."]
[Black "Ìèðçîÿí, Ëàâðåíòèé."]
[Result "1/2-1/2"]
[WhiteElo "2167"]
[BlackElo "1904"]
[PlyCount "83"]
[EventDate "2017.04.20"]

1. e4 e5 2. Nf3 Nc6 3. Bc4 Bc5 4. c3 Nf6 5. d3 d6 6. O-O a6 7. Nbd2 Ba7 8. Bb3
O-O 9. h3 Ne7 10. Re1 Ng6 11. Nf1 Re8 12. Ng3 c6 13. Be3 Be6 14. Bc2 d5 15.
exd5 Bxd5 16. Nd2 Nd7 17. Nde4 Bxe3 18. fxe3 Nf6 19. Nxf6+ Qxf6 20. e4 Be6 21.
Rf1 Qg5 22. Nf5 Nf4 23. Qg4 Qxg4 24. hxg4 Rad8 25. Rfd1 f6 26. g3 Nh3+ 27. Kg2
Ng5 28. Bb3 Rd7 29. Kf2 Red8 30. Ke2 g6 31. Ne3 Bxb3 32. axb3 Ne6 33. b4 Kf7
34. Nc4 Ng5 35. Nb6 Rd6 36. Nc4 R6d7 37. Nb6 Rd6 38. Nc4 R6d7 39. Rf1 Ke6 40.
Rad1 Ke7 41. Nb6 Rd6 42. Nc4 1/2-1/2

[Event "Ì15Â"]
[Site "Loo"]
[Date "2017.04.27"]
[Round "8.15"]
[White "Ãàéäûì, Àðñåíèé."]
[Black "Êûòèí, Ìàêàð."]
[Result "1-0"]
[WhiteElo "2017"]
[BlackElo "2120"]
[PlyCount "105"]
[EventDate "2017.04.20"]

1. e4 c5 2. Nc3 Nc6 3. g3 g6 4. Bg2 Rb8 5. d3 b5 6. Be3 d6 7. Qd2 Bg7 8. Nge2
Nf6 9. Bh6 Bxh6 10. Qxh6 e6 11. O-O b4 12. Nd1 Ng4 13. Qd2 O-O 14. h3 Nf6 15.
f4 d5 16. exd5 Nxd5 17. g4 Nd4 18. Ng3 f5 19. c3 Qh4 20. Kh2 Nf6 21. cxd4 Nxg4+
22. Kg1 Qxg3 23. hxg4 cxd4 24. g5 Bb7 25. Qf2 Qxd3 26. Bxb7 Rxb7 27. Qf3 Qe4
28. Qg3 b3 29. Re1 Qc2 30. Qg2 Rb6 31. axb3 Qxb3 32. Ra3 Qb4 33. Rf1 Rc8 34.
Rxa7 d3 35. Ra8 Qd4+ 36. Kh2 Rxa8 37. Qxa8+ Kg7 38. Qc8 Rd6 39. Qc3 e5 40. Qxd4
Rxd4 41. fxe5 Re4 42. Nf2 Re2 43. Kg3 Rxb2 44. Nxd3 Rb3 45. Rf3 h6 46. gxh6+
Kxh6 47. Nf4 Rxf3+ 48. Kxf3 Kg7 49. Nh3 Kf7 50. Kf4 Ke6 51. Ng5+ Kd5 52. Nf3
Ke6 53. Kg5 1-0

[Event "Ì15Â"]
[Site "Loo"]
[Date "2017.04.27"]
[Round "8.16"]
[White "Ïîñòíèêîâ, Ðîìàí."]
[Black "Øóìèëîâ, Äåìüÿí."]
[Result "1/2-1/2"]
[WhiteElo "2081"]
[BlackElo "1984"]
[PlyCount "79"]
[EventDate "2017.04.20"]

1. Nf3 Nf6 2. c4 e6 3. d4 b6 4. g3 Bb4+ 5. Bd2 a5 6. a3 Bxd2+ 7. Qxd2 Bb7 8.
Bg2 O-O 9. O-O d6 10. Nc3 Nbd7 11. Qc2 Qe7 12. e4 e5 13. d5 g6 14. Nb5 Nc5 15.
Nd2 a4 16. Rae1 Nh5 17. Bf3 Ng7 18. Bg2 Ba6 19. Nc3 Bc8 20. f4 exf4 21. Rxf4
Bd7 22. Rff1 Rae8 23. Nf3 f6 24. Nd4 f5 25. Re2 fxe4 26. Rxf8+ Rxf8 27. Nxe4
Nxe4 28. Rxe4 Qg5 29. Ne6 Nxe6 30. dxe6 Bc6 31. e7 Re8 32. Rf4 Bxg2 33. Kxg2
Qxe7 34. Qxa4 Qe2+ 35. Rf2 Qe4+ 36. Kg1 Qe1+ 37. Kg2 Qe4+ 38. Kg1 Qe1+ 39. Kg2
Qe4+ 40. Kg1 1/2-1/2

[Event "Ì15Â"]
[Site "Loo"]
[Date "2017.04.27"]
[Round "8.17"]
[White "Ìóòîâèí, Åãîð."]
[Black "Èñìàãèëîâ, Äàìèð."]
[Result "0-1"]
[WhiteElo "1915"]
[BlackElo "2039"]
[PlyCount "60"]
[EventDate "2017.04.20"]

1. d4 c5 2. d5 g6 3. e4 Bg7 4. c4 d6 5. h3 e6 6. Nf3 Ne7 7. Qa4+ Bd7 8. Qb3 Na6
9. Bd2 Rb8 10. a4 O-O 11. Be2 f5 12. exf5 Nxf5 13. dxe6 Bxe6 14. O-O Nd4 15.
Nxd4 Bxd4 16. Nc3 Qh4 17. Nd1 Nc7 18. Bc3 b5 19. Bxd4 bxc4 20. Qc3 cxd4 21. Qa5
Rbc8 22. Rc1 d5 23. b3 Qf4 24. Nb2 d3 25. Bg4 Bxg4 26. hxg4 Qd4 27. Qc3 Ne6 28.
bxc4 Qxg4 29. Nxd3 Nd4 30. Ra1 Nf3+ 0-1

[Event "Ì15Â"]
[Site "Loo"]
[Date "2017.04.27"]
[Round "8.18"]
[White "Ôîìèí, Ïàâåë."]
[Black "Öóõàåâ, Ìóñà."]
[Result "1/2-1/2"]
[WhiteElo "1892"]
[BlackElo "1710"]
[PlyCount "69"]
[EventDate "2017.04.20"]

1. d4 d5 2. Nf3 Nf6 3. Bf4 e6 4. e3 Be7 5. Bd3 Nbd7 6. Nbd2 b6 7. c3 Bb7 8. Qb1
h6 9. O-O O-O 10. h3 c5 11. Ne5 a6 12. Bh2 Nxe5 13. dxe5 Nd7 14. f4 f5 15. exf6
Nxf6 16. Qc2 Bd6 17. Rae1 Rc8 18. Bg6 Qc7 19. g4 Nd7 20. Nf3 e5 21. fxe5 Nxe5
22. Bh7+ Kh8 23. Nh4 Rf6 24. Bxe5 Bxe5 25. Ng6+ Kxh7 26. Nxe5+ Kg8 27. Rxf6
gxf6 28. Qg6+ Qg7 29. Rf1 Qxg6 30. Nxg6 Kf7 31. Nh4 Rd8 32. Nf5 Kg6 33. Ne7+
Kf7 34. Nf5 Kg6 35. Ne7+ 1/2-1/2

[Event "Ì15Â"]
[Site "Loo"]
[Date "2017.04.27"]
[Round "8.19"]
[White "Æóðàâëåâ, Àëåêñàíäð."]
[Black "Âîëêîâ, Àíäðåé."]
[Result "1/2-1/2"]
[WhiteElo "1745"]
[BlackElo "2005"]
[PlyCount "84"]
[EventDate "2017.04.20"]

1. d4 Nf6 2. c4 c5 3. d5 b5 4. cxb5 a6 5. bxa6 g6 6. Nc3 Bg7 7. Nf3 O-O 8. g3
Qa5 9. Bd2 d6 10. Bg2 Nxa6 11. O-O Qb4 12. Bc1 Nc7 13. a3 Qa5 14. Nd2 Ba6 15.
Rb1 Rfb8 16. b4 cxb4 17. Nb3 Qb6 18. Be3 Qb7 19. Na5 Bxe2 20. Qxe2 Rxa5 21.
Rxb4 Qa8 22. Rfb1 Rxb4 23. axb4 Ra1 24. Qb2 Rxb1+ 25. Qxb1 Qa3 26. Bd2 Nd7 27.
Ne2 Nb5 28. Qc1 Qxc1+ 29. Bxc1 Ne5 30. f4 Nd3 31. Bd2 Na3 32. Be4 Nc4 33. Bxd3
Nxd2 34. b5 Nb3 35. b6 Nc5 36. Bb5 e6 37. Bc6 Kf8 38. b7 Na6 39. Kf2 Ke7 40.
Ke3 e5 41. fxe5 Bxe5 42. Ke4 f5+ {äàëåå çàïèñü íåðàçáîð~~èâà} 1/2-1/2

[Event "Ì15Â"]
[Site "Loo"]
[Date "2017.04.27"]
[Round "8.20"]
[White "Ùóêèí, Ìàêñèì."]
[Black "Êóëàåâ, Ìàêñèì."]
[Result "0-1"]
[WhiteElo "1990"]
[BlackElo "1849"]
[PlyCount "76"]
[EventDate "2017.04.20"]

1. e4 c5 2. Nf3 d6 3. d4 cxd4 4. Nxd4 Nf6 5. Nc3 a6 6. f3 e6 7. Be3 b5 8. Qd2
Qc7 9. g4 h6 10. O-O-O Nbd7 11. h4 Ne5 12. a3 Bb7 13. Be2 d5 14. g5 dxe4 15. f4
Nf3 16. Bxf3 exf3 17. gxf6 gxf6 18. Nb3 Be7 19. Qd4 Rd8 20. Qb6 Qxb6 21. Bxb6
Rxd1+ 22. Rxd1 Rg8 23. Rg1 Rg2 24. Rxg2 fxg2 25. Ne2 f5 26. Bf2 Bd6 27. Nc5 Bf3
28. Ng1 Bxf4+ 29. Kb1 Bd5 30. Nxa6 Ke7 31. Nb4 Bb7 32. Nd3 Bc7 33. Be3 e5 34.
Nc5 Bc6 35. Bxh6 f4 36. Kc1 e4 37. Kd1 f3 38. Ke1 Bg3+ 0-1

[Event "Ì15Â"]
[Site "Loo"]
[Date "2017.04.27"]
[Round "8.21"]
[White "Ãàëèåâ, Èðåê."]
[Black "Ðîëüãåéçåð, Ãåíðèõ."]
[Result "0-1"]
[WhiteElo "1866"]
[BlackElo "1989"]
[PlyCount "112"]
[EventDate "2017.04.20"]

1. Nf3 Nf6 2. c4 e6 3. g3 b6 4. Bg2 Bb7 5. O-O Be7 6. b3 O-O 7. Bb2 c5 8. Nc3
d6 9. e3 a6 10. d4 Nbd7 11. Qe2 Ne4 12. Rfd1 f5 13. Nxe4 Bxe4 14. dxc5 bxc5 15.
Nd2 Bxg2 16. Kxg2 Qe8 17. f4 Qg6 18. e4 e5 19. fxe5 f4 20. Qd3 Rae8 21. Nf3
fxg3 22. hxg3 Rf4 23. exd6 Rg4 24. Nh2 Rxe4 25. dxe7 R8xe7 26. Rd2 Re2+ 27.
Qxe2 Rxe2+ 28. Rxe2 Qc6+ 29. Nf3 g5 30. Re8+ Nf8 31. Re7 Ne6 32. Kf2 Qd6 33.
Re8+ Kf7 34. Rxe6 Kxe6 35. Re1+ Kd7 36. Re5 Qg6 37. Rd5+ Ke8 38. Re5+ Kd7 39.
Nxg5 Qb1 40. Rd5+ Kc6 41. Rd2 Qxa2 42. Nxh7 Qxb3 43. Nf6 Qxc4 44. Be5 a5 45. g4
a4 46. Ke3 a3 47. g5 Qc1 48. g6 Qg1+ 49. Kf4 Qxg6 50. Rd6+ Kb5 51. Nd5 Qf7+ 52.
Kg5 Qh7 53. Kf4 Qh4+ 54. Kf5 a2 55. Rb6+ Kc4 56. Ne3+ Kd3 0-1

[Event "Ì15Â"]
[Site "Loo"]
[Date "2017.04.27"]
[Round "8.22"]
[White "×åæèí, Ïàâåë."]
[Black "Æàêàìóõîâ, Ýäóàðä."]
[Result "1-0"]
[WhiteElo "1688"]
[BlackElo "1919"]
[PlyCount "103"]
[EventDate "2017.04.20"]

1. d4 Nf6 2. Nf3 g6 3. Nc3 d5 4. Bf4 c6 5. e3 Bg7 6. Bd3 O-O 7. O-O Nbd7 8. e4
dxe4 9. Nxe4 Nd5 10. Bd2 Qb6 11. c4 N5f6 12. Bc3 Nxe4 13. Bxe4 Nf6 14. Bd3 Bg4
15. h3 Bxf3 16. Qxf3 Rad8 17. Rfe1 Rfe8 18. Rad1 h6 19. c5 Qc7 20. Bc4 Nd5 21.
Bxd5 Rxd5 22. Qe4 e6 23. f4 Red8 24. Rd2 h5 25. Red1 Rf5 26. Rf1 h4 27. b4 a6
28. a4 Qd7 29. a5 Qd5 30. Qxd5 Rfxd5 31. Rfd1 Bh6 32. Rf2 e5 33. fxe5 Be3 34.
Re1 Bxf2+ 35. Kxf2 Kg7 36. Re4 g5 37. g3 hxg3+ 38. Kxg3 f6 39. Kg4 Rh8 40.
exf6+ Kxf6 41. Be1 Rhd8 42. Bg3 Rf5 43. h4 Rg8 44. Be5+ Rxe5 45. dxe5+ Ke6 46.
hxg5 Rd8 47. g6 Rd1 48. Kg5 Rh1 49. g7 Kf7 50. e6+ Kxg7 51. e7 Rg1+ 52. Kh5 1-0

[Event "Ì15Â"]
[Site "Loo"]
[Date "2017.04.27"]
[Round "8.23"]
[White "Îñèïîâ, Äàíèèë."]
[Black "Ñò¸ïî÷êèí, Ô¸äîð."]
[Result "1-0"]
[WhiteElo "2091"]
[BlackElo "1793"]
[PlyCount "145"]
[EventDate "2017.04.20"]

1. e4 e6 2. d4 d5 3. Nc3 Bb4 4. e5 c5 5. a3 Bxc3+ 6. bxc3 Ne7 7. Qg4 Qc7 8.
Qxg7 Rg8 9. Qxh7 cxd4 10. Ne2 Nbc6 11. f4 dxc3 12. Nxc3 Nd4 13. Bb2 Ndf5 14.
O-O-O Bd7 15. Qh3 O-O-O 16. Bd3 Bc6 17. Rd2 Qb6 18. Qh5 d4 19. Ne4 Rh8 20. Qf3
Rdg8 21. g4 Nh4 22. Qe2 Nhg6 23. Rf1 Nd5 24. Nd6+ Kb8 25. Bxg6 fxg6 26. Rxd4
Rh3 27. Rd3 Rgh8 28. Rxh3 Rxh3 29. f5 gxf5 30. gxf5 exf5 31. Nxf5 Bb5 32. Qg2
Bxf1 33. Qg8+ Kc7 34. Qf7+ Kb8 35. Qe8+ Kc7 36. Qf7+ Kb8 37. Qxd5 Bc4 38. Qg2
Rh8 39. e6 Re8 40. Qg3+ Ka8 41. Nd6 Qc6 42. Nxe8 Qxe8 43. Qc7 Bxe6 44. h4 Bg4
45. Bf6 Qe1+ 46. Kb2 Qe8 47. Qc5 Qc8 48. Qd4 Qc6 49. Be7 Qe6 50. Qg7 a6 51. Bc5
Qd7 52. Qc3 Qh7 53. Bf2 Qd7 54. a4 Kb8 55. Qc4 Qe6 56. Qc5 Qf6+ 57. c3 Qf3 58.
Kb3 Be6+ 59. Kb4 Qf4+ 60. Bd4 Qf5 61. Qd6+ Kc8 62. Be5 Qe4+ 63. Kc5 b6+ 64.
Kxb6 Qb7+ 65. Ka5 Bc4 66. h5 Bf7 67. h6 Bg8 68. Qf8+ Kd7 69. Qxg8 Qc6 70. Qf7+
Kc8 71. Qc7+ Qxc7+ 72. Bxc7 Kxc7 73. h7 1-0

[Event "Ì15Â"]
[Site "Loo"]
[Date "2017.04.27"]
[Round "8.24"]
[White "Ïîëÿíñêèé, Âëàäèñëàâ."]
[Black "Òåð-Ñààêÿí, Ãðèãîðèé."]
[Result "0-1"]
[WhiteElo "1891"]
[BlackElo "1851"]
[PlyCount "99"]
[EventDate "2017.04.20"]

1. d4 Nf6 2. Nf3 g6 3. Bf4 Bg7 4. e3 d5 5. Bd3 O-O 6. Nbd2 c5 7. c3 Qb6 8. Qb3
c4 9. Qxb6 axb6 10. Bc2 Nh5 11. Bc7 b5 12. e4 Na6 13. Bg3 Nxg3 14. hxg3 e6 15.
a3 Bd7 16. O-O Bc6 17. Rfe1 Nc7 18. Ne5 Rfd8 19. Ndf3 f6 20. Nxc6 bxc6 21. e5
f5 22. Nh2 Kf7 23. f4 Bf8 24. Nf3 c5 25. Kf2 cxd4 26. Nxd4 Bc5 27. Rad1 Na6 28.
Kf3 Bxd4 29. Rxd4 h5 30. Ra1 Nb8 31. Rad1 Nc6 32. R4d2 Ke7 33. Ke3 Kd7 34. Ra1
Kc7 35. b4 d4+ 36. cxd4 Nxb4 37. a4 Nd5+ 38. Kf3 b4 39. Rc1 Kd7 40. Bd1 Rdc8
41. Rdc2 Rxa4 42. Rxc4 Ra3+ 43. Kf2 Rxc4 44. Rxc4 b3 45. Bxb3 Rxb3 46. Ra4 Nc3
47. Ra7+ Kc6 48. Ra6+ Rb6 49. Ra3 Ne4+ 50. Kf3 0-1

[Event "Ì15Â"]
[Site "Loo"]
[Date "2017.04.27"]
[Round "8.25"]
[White "Êàìàåâ, Äæàáðàèë."]
[Black "Áàáóíîâ, Àëåêñàíäð."]
[Result "1/2-1/2"]
[WhiteElo "1949"]
[BlackElo "1865"]
[PlyCount "58"]
[EventDate "2017.04.20"]

1. Nf3 d5 2. g3 c6 3. Bg2 Bg4 4. O-O Nd7 5. d3 e5 6. c4 Ngf6 7. b3 dxc4 8. dxc4
Bc5 9. Bb2 Qc7 10. Nbd2 O-O 11. Qc2 Rfe8 12. e4 b5 13. a3 b4 14. axb4 Bxb4 15.
Bc3 a5 16. Ra2 Nc5 17. Rfa1 Bxc3 18. Qxc3 Nfxe4 19. Nxe4 Nxe4 20. Qe1 Nc5 21.
Rxa5 Rxa5 22. Qxa5 Qxa5 23. Rxa5 Nxb3 24. Rxe5 Rxe5 25. Nxe5 Be6 26. Bxc6 f6
27. Nd7 Bxd7 28. Bxd7 Kf7 29. f4 Ke7 1/2-1/2

[Event "Ì15Â"]
[Site "Loo"]
[Date "2017.04.27"]
[Round "8.26"]
[White "Êîðåíü, Âëàäèìèð."]
[Black "Ðîìàäîâ, Äìèòðèé."]
[Result "1-0"]
[WhiteElo "1947"]
[BlackElo "1774"]
[PlyCount "93"]
[EventDate "2017.04.20"]

1. e4 c5 2. Nf3 d6 3. d4 cxd4 4. Nxd4 Nf6 5. Nc3 a6 6. Be3 e5 7. Nb3 Be6 8. f3
Be7 9. Qd2 O-O 10. O-O-O Nbd7 11. g4 b5 12. h4 Nb6 13. Qf2 Nfd7 14. g5 b4 15.
Nd5 Nxd5 16. exd5 Bf5 17. Bd3 Bxd3 18. Rxd3 a5 19. Nd2 a4 20. Kb1 Qc7 21. Ne4
Qc4 22. Nd2 Qa6 23. Qf1 f5 24. gxf6 Nxf6 25. Bg5 Rfc8 26. Rg1 Kh8 27. Ne4 Qc4
28. Qg2 Rg8 29. Rdd1 Qc7 30. Bxf6 Bxf6 31. Nxf6 gxf6 32. Qh3 b3 33. cxb3 axb3
34. axb3 Rxg1 35. Rxg1 Qa7 36. Rd1 Qg7 37. h5 h6 38. Qf5 Qh7 39. Qxh7+ Kxh7 40.
Kc2 Rc8+ 41. Kd3 f5 42. b4 e4+ 43. fxe4 fxe4+ 44. Kxe4 Rc4+ 45. Rd4 Rc2 46. Kf5
Rxb2 47. Ke6 1-0

[Event "Ì15Â"]
[Site "Loo"]
[Date "2017.04.27"]
[Round "8.27"]
[White "Õàëèêîâ, Áóëàò."]
[Black "Êðþêîâ, Àëåêñåé."]
[Result "0-1"]
[WhiteElo "1895"]
[BlackElo "1799"]
[PlyCount "68"]
[EventDate "2017.04.20"]

1. e4 e5 2. Nf3 Nc6 3. d4 exd4 4. Nxd4 Bc5 5. Be3 Qf6 6. c3 Nge7 7. Bc4 Ne5 8.
Be2 Qg6 9. O-O O-O 10. Nd2 d6 11. Bh5 Qf6 12. f4 N5c6 13. N2b3 Bb6 14. Qd2 a6
15. f5 h6 16. g4 d5 17. g5 hxg5 18. Bxg5 Qe5 19. Bf4 Qf6 20. Kh1 dxe4 21. Bg5
Qe5 22. f6 Ng6 23. fxg7 Re8 24. Bxg6 fxg6 25. Nxc6 bxc6 26. Rf8+ Rxf8 27.
gxf8=Q+ Kxf8 28. Qd8+ Kg7 29. Rf1 Bf5 30. Qxa8 e3 31. Rf3 e2 32. Bd2 e1=Q+ 33.
Bxe1 Qxe1+ 34. Kg2 Qg1# 0-1

[Event "Ì15Â"]
[Site "Loo"]
[Date "2017.04.27"]
[Round "8.28"]
[White "Ðàäî÷èí, Îëåã."]
[Black "Æàðêîâ, Íèêîëàé."]
[Result "1-0"]
[WhiteElo "1825"]
[BlackElo "1861"]
[PlyCount "93"]
[EventDate "2017.04.20"]

1. e4 g6 2. d4 Bg7 3. Nc3 d6 4. g3 Nf6 5. Bg2 O-O 6. Nf3 Bg4 7. h3 Bd7 8. O-O
Nc6 9. Be3 e5 10. Qd2 Re8 11. Rfe1 Qc8 12. Kh2 exd4 13. Nxd4 Re5 14. g4 Bxg4
15. hxg4 Qxg4 16. Nxc6 bxc6 17. Bf4 Rc5 18. Bg3 Nh5 19. Bh3 Qf3 20. Qd3 Qf6 21.
e5 Qd8 22. exd6 Nxg3 23. fxg3 cxd6 24. Rad1 Be5 25. Rd2 Qa5 26. a3 Rxc3 27.
bxc3 Bxc3 28. Red1 Bxd2 29. Rxd2 d5 30. Re2 Qc5 31. Qe3 d4 32. Qb3 Rd8 33. Rf2
Qe7 34. Rxf7 Qxf7 35. Be6 Qxe6 36. Qxe6+ Kf8 37. Qf6+ Ke8 38. Qxc6+ Ke7 39.
Qc5+ Ke8 40. Qxa7 Rd7 41. Qb8+ Kf7 42. a4 Ke7 43. a5 d3 44. cxd3 Rxd3 45. a6
Rd7 46. Qb7 Rxb7 47. axb7 1-0

[Event "Ì15Â"]
[Site "Loo"]
[Date "2017.04.27"]
[Round "8.29"]
[White "Ãàâðèëîâ, Âèêòîð."]
[Black "Ëóïïà, Êèðèëë."]
[Result "0-1"]
[WhiteElo "1760"]
[BlackElo "1780"]
[PlyCount "54"]
[EventDate "2017.04.20"]

1. e4 c5 2. Nf3 a6 3. d4 cxd4 4. Nxd4 Nf6 5. Nc3 e5 6. Nf3 Bb4 7. Bd2 O-O 8.
Bc4 d6 9. Nd5 Bxd2+ 10. Nxd2 Nc6 11. O-O Nxd5 12. Bxd5 Be6 13. c4 Bxd5 14. cxd5
Ne7 15. Qb3 b5 16. Rac1 Rc8 17. Qb4 Qd7 18. Nb3 f5 19. Nd2 f4 20. Nf3 h6 21. h4
Ng6 22. h5 Nh8 23. Qb3 Nf7 24. Nh4 Ng5 25. Ng6 f3 26. Rxc8 Rxc8 27. Nh4 Qg4 {
äàëåå çàïèñü íåðàçáîð~~èâà} 0-1

[Event "Ì17Ï"]
[Site "Loo"]
[Date "2017.04.27"]
[Round "8.1"]
[White "Ìèøèí, Âÿ÷åñëàâ."]
[Black "Äóáèíèí, Àëåêñàíäð."]
[Result "1/2-1/2"]
[WhiteElo "2092"]
[BlackElo "2165"]
[PlyCount "76"]
[EventDate "2017.04.20"]

1. e4 c5 2. Nf3 Nc6 3. c3 Nf6 4. e5 Nd5 5. d4 cxd4 6. Bc4 Nb6 7. Bb3 dxc3 8.
Nxc3 e6 9. O-O d5 10. exd6 Bxd6 11. Nb5 Bb8 12. Qe2 O-O 13. Bg5 Qe8 14. Rfd1 f6
15. Be3 Qe7 16. Rac1 Nd7 17. Nfd4 Nxd4 18. Nxd4 Kh8 19. Bxe6 Be5 20. Bf5 Nb6
21. Bb1 Qf7 22. f4 Bxd4 23. Bxd4 Be6 24. b3 Rfe8 25. Qd3 Qh5 26. f5 Bg8 27. Qf3
Qxf3 28. gxf3 Nd5 29. Be4 b6 30. Kf2 Rad8 31. h4 Bf7 32. Bxd5 Rxd5 33. Rc7 Bh5
34. Rxa7 Red8 35. b4 Be8 36. a4 Kg8 37. b5 Rb8 38. Ke3 h6 {
äàëåå çàïèñü íåðàçáîð~~èâà} 1/2-1/2

[Event "Ì17Ï"]
[Site "Loo"]
[Date "2017.04.27"]
[Round "8.2"]
[White "Íåçíàíîâ, Àëåêñàíäð."]
[Black "Øåìÿêèí, Âàëåðèé."]
[Result "1/2-1/2"]
[WhiteElo "2050"]
[BlackElo "2039"]
[PlyCount "80"]
[EventDate "2017.04.20"]

1. e4 d5 2. exd5 Qxd5 3. Nc3 Qa5 4. d4 Nf6 5. Nf3 c6 6. Bc4 Bf5 7. Bd2 Qc7 8.
O-O e6 9. Ne5 Nbd7 10. Re1 Bd6 11. Bf4 Nb6 12. Bb3 O-O 13. Bg3 Nbd5 14. Nxd5
exd5 15. c3 Rae8 16. Bc2 Bxc2 17. Qxc2 Nd7 18. Nxd7 Qxd7 19. Bxd6 Qxd6 20. Qd2
Qd7 21. Rxe8 Rxe8 22. Re1 Re6 23. Kf1 Qe7 24. f3 Rxe1+ 25. Qxe1 Qxe1+ 26. Kxe1
f5 27. f4 Kf7 28. Kf2 Kf6 29. h3 h5 30. h4 Ke6 31. Ke2 Kd6 32. Kd3 b6 33. b3 g6
34. g3 Ke6 35. Kc2 Kd7 36. Kd2 Kc7 37. Kc2 Kb7 38. Kb2 Kc7 39. Kc2 Kd6 40. Kd3
a6 1/2-1/2

[Event "Ì17Ï"]
[Site "Loo"]
[Date "2017.04.27"]
[Round "8.3"]
[White "ßøìåòîâ, Íèêîëàé."]
[Black "ßíãóòîâ, Àëåêñåé."]
[Result "1-0"]
[WhiteElo "2152"]
[BlackElo "1883"]
[PlyCount "85"]
[EventDate "2017.04.20"]

1. Nf3 Nf6 2. g3 g6 3. b3 Bg7 4. Bb2 d6 5. Bg2 O-O 6. d4 Nbd7 7. O-O a5 8. a3
e5 9. dxe5 Ng4 10. Nc3 Ngxe5 11. Nxe5 Nxe5 12. Qc1 Rb8 13. h4 Bf5 14. e4 Bg4
15. f3 Bd7 16. Qe3 b5 17. Rab1 b4 18. axb4 axb4 19. Nd5 c6 20. Nf4 c5 21. Rfd1
Rb6 22. Nd5 Ra6 23. Ra1 Rxa1 24. Bxa1 Bb5 25. Bh3 Qa5 26. Kg2 Re8 27. f4 Ng4
28. Qg1 Be2 29. Bxg7 Kxg7 30. Re1 Qb5 31. Nc7 Qc6 32. Nxe8+ Qxe8 33. Rxe2 Nf6
34. Qa1 Qe7 35. Kf1 Kh6 36. Bg2 Nh5 37. Kf2 f6 38. Bf3 Ng7 39. g4 g5 40. hxg5+
fxg5 41. f5 Ne8 42. Qh8 c4 43. Kf1 1-0

[Event "Ì17Ï"]
[Site "Loo"]
[Date "2017.04.27"]
[Round "8.4"]
[White "Íîâèêîâ, Ñåðãåé."]
[Black "Êûøòûìîâ, Äàíèèë."]
[Result "1-0"]
[WhiteElo "2036"]
[BlackElo "2082"]
[PlyCount "75"]
[EventDate "2017.04.20"]

1. d4 Nf6 2. c4 g6 3. Nc3 Bg7 4. e4 d6 5. Be2 O-O 6. Nf3 e5 7. O-O Nc6 8. d5
Ne7 9. Ne1 a5 10. Be3 b6 11. Nd3 Ne8 12. a3 f5 13. f3 f4 14. Bf2 g5 15. b4 axb4
16. axb4 Rxa1 17. Qxa1 Ng6 18. c5 bxc5 19. bxc5 g4 20. fxg4 Qg5 21. Qd1 Nf6 22.
h3 h5 23. gxh5 Bxh3 24. Bf3 Nxh5 25. Kh2 Bxg2 26. Bxg2 Ng3 27. Rg1 Kf7 28. Bh3
Rh8 29. Bxg3 Rxh3+ 30. Kxh3 Qh6+ 31. Kg4 fxg3 32. Rh1 Nh4 33. Rxh4 Qg6+ 34. Kh3
g2 35. Rg4 g1=Q 36. Qxg1 Qh5+ 37. Kg3 Bf6 38. Qh2 1-0

[Event "Ì17Ï"]
[Site "Loo"]
[Date "2017.04.27"]
[Round "8.5"]
[White "Ðîâíîâ, Âëàäèñëàâ."]
[Black "Çàõàðîâ, Íèêèòà."]
[Result "0-1"]
[WhiteElo "2039"]
[BlackElo "1980"]
[PlyCount "52"]
[EventDate "2017.04.20"]

1. e4 c5 2. Nf3 Nc6 3. Nc3 e5 4. Bc4 d6 5. d3 Be7 6. O-O Bg4 7. h3 Bh5 8. g4
Bg6 9. Nd5 Qd7 10. c3 Bd8 11. a3 h5 12. Ne1 hxg4 13. hxg4 Nf6 14. Nxf6+ Bxf6
15. Ng2 O-O-O 16. Qf3 Rh7 17. Ne3 Rdh8 18. Qg2 Nd8 19. f3 Bg5 20. Rf2 f6 21.
Nf5 Bxf5 22. gxf5 Bf4 23. Bxf4 exf4 24. Be6 Nxe6 25. fxe6 Qe7 26. Re2 Rh3 0-1

[Event "Ì17Ï"]
[Site "Loo"]
[Date "2017.04.27"]
[Round "8.6"]
[White "Îâñÿíþê, Äìèòðèé."]
[Black "Ëåâäàíñêèé, Àëåêñåé."]
[Result "1-0"]
[WhiteElo "2095"]
[BlackElo "1859"]
[PlyCount "49"]
[EventDate "2017.04.20"]

1. e4 c5 2. Nf3 Nf6 3. e5 Nd5 4. Nc3 Nxc3 5. dxc3 Nc6 6. Bf4 d5 7. exd6 exd6 8.
Qd2 Qe7+ 9. Be2 Be6 10. O-O-O O-O-O 11. Rhe1 g6 12. h4 d5 13. Bb5 a6 14. Bxc6
bxc6 15. Ne5 Qb7 16. c4 Bd6 17. Qa5 Rhe8 18. Rd3 dxc4 19. Rxd6 Rxd6 20. Nxc4
Rd1+ 21. Kxd1 Rd8+ 22. Nd6+ Rxd6+ 23. Bxd6 Kd7 24. Be5 f6 25. Qc7+ 1-0

[Event "Ì17Ï"]
[Site "Loo"]
[Date "2017.04.27"]
[Round "8.7"]
[White "Êûðíàåâ, Àëåêñåé."]
[Black "Äàâèäåíêî, Äìèòðèé."]
[Result "0-1"]
[WhiteElo "2048"]
[BlackElo "1839"]
[PlyCount "82"]
[EventDate "2017.04.20"]

1. e4 d5 2. exd5 Qxd5 3. Nc3 Qa5 4. d4 Nf6 5. Nf3 Bg4 6. h3 Bh5 7. g4 Bg6 8.
Bg2 Nc6 9. O-O O-O-O 10. Qe2 e6 11. Be3 Ne4 12. Nxe4 Bxe4 13. c3 h5 14. Nd2
Bxg2 15. Kxg2 hxg4 16. hxg4 Bd6 17. f4 g5 18. Ne4 Qd5 19. Qf3 Bxf4 20. Bxf4
gxf4 21. Nf6 Qb5 22. Rf2 e5 23. a4 Qb3 24. d5 Ne7 25. Ra3 Qb6 26. g5 Rh4 27. a5
Qa6 28. c4 Rdh8 29. Qe4 f3+ 30. Qxf3 Qxc4 31. d6 Rh2+ 32. Kg1 Qc1+ 33. Rf1 Rh1+
34. Kg2 R8h2+ 35. Kg3 Rh3+ 36. Kg2 Qxb2+ 37. Rf2 R1h2+ 38. Kg1 Qc1+ 39. Rf1
Qc5+ 40. Rf2 Rxf3 41. Raxf3 Rxf2 0-1

[Event "Ì17Ï"]
[Site "Loo"]
[Date "2017.04.27"]
[Round "8.8"]
[White "Ïåòðåíêî, Êèðèëë."]
[Black "Íîâèêîâ, Êèðèëë."]
[Result "1-0"]
[WhiteElo "1999"]
[BlackElo "1763"]
[PlyCount "73"]
[EventDate "2017.04.20"]

1. Nf3 d5 2. c4 c6 3. e3 Nf6 4. Nc3 e6 5. b3 Nbd7 6. Qc2 Be7 7. Bb2 O-O 8. d4
b6 9. Bd3 Bb7 10. O-O dxc4 11. bxc4 c5 12. d5 exd5 13. cxd5 h6 14. Rad1 Bd6 15.
e4 Ne5 16. Be2 a6 17. a4 Nfd7 18. Nd2 Ng6 19. Nc4 Qc7 20. Nxd6 Qxd6 21. g3 Rae8
22. Nb1 f5 23. exf5 Ne7 24. Bh5 Rd8 25. Rfe1 Nxd5 26. Nc3 N7f6 27. Bf3 Qb8 28.
Qb3 Qa8 29. Re5 Kh8 30. Nxd5 c4 31. Qxc4 b5 32. axb5 axb5 33. Qb3 Nd7 34. Re7
Nf6 35. Bxf6 Rxf6 36. Nxf6 Rxd1+ 37. Bxd1 1-0